La gymnastique et les exercices physiques / (Record no. 154288)
[ view plain ]
| 000 -LEADER | |
|---|---|
| campo de control de longitud fija | 00937nam a2200229 i 4500 |
| 001 - NÚMERO DE CONTROL | |
| campo de control | 154288 |
| 003 - IDENTIFICADOR DE NÚMERO DE CONTROL | |
| campo de control | ES-MaACL |
| 005 - FECHA Y HORA DE LA ÚLTIMA TRANSACCIÓN | |
| campo de control | 20251013230902.0 |
| 008 - DATOS DE LONGITUD FIJA--INFORMACIÓN GENERAL | |
| campo de control de longitud fija | 010131s1888 fr a |||| | fre d |
| 040 ## - FUENTE DE CATALOGACIÓN | |
| Centro catalogador/agencia de origen | CCPB | B |
| Lengua de catalogación | spa |
| Centro/agencia transcriptor | CCPB | B |
| 100 1# - ENTRADA PRINCIPAL--NOMBRE DE PERSONA | |
| Nombre de persona | Gérardin, Narcisse Auguste. |
| 9 (RLIN) | 127685 |
| 245 13 - MENCIÓN DEL TÍTULO | |
| Título | La gymnastique et les exercices physiques / |
| Mención de responsabilidad, etc. | N. A. Le Blond ; introduction par H. Bouvier. |
| 260 ## - PUBLICACIÓN, DISTRIBUCIÓN, ETC. | |
| Lugar de publicación, distribución, etc. | Paris : |
| Nombre del editor, distribuidor, etc. | Librairie J.-B. Baillière et fils, |
| Fecha de publicación, distribución, etc. | 1888. |
| 300 ## - DESCRIPCIÓN FÍSICA | |
| Extensión | 492 p. : |
| Otras características físicas | il. ; |
| Dimensiones | 18 cm. |
| 490 1# - MENCIÓN DE SERIE | |
| Mención de serie | Bibliothèque des connaissances utiles |
| 594 ## - Nota al título y mención de responsabilidad | |
| Nota al título y mención de responsabilidad | N.A. Le Blond es pseudonimo de Narcisse Auguste Gérardin. |
| 650 #4 - PUNTO DE ACCESO ADICIONAL DE MATERIA--TÉRMINO DE MATERIA | |
| Término de materia o nombre geográfico como elemento de entrada | Gimnasia. |
| 9 (RLIN) | 148136 |
| 700 1# - ENTRADA AGREGADA--NOMBRE PERSONAL | |
| Nombre de persona | Bouvier, Sauveur Henri Victor, |
| Fechas asociadas al nombre | 1799-1877 |
| 9 (RLIN) | 126135 |
| 830 0# - PUNTO DE ACCESO ADICIONAL DE SERIE-TÍTULO UNIFORME | |
| Título uniforme | Bibliothèque des connaissances utiles |
| 9 (RLIN) | 221484 |
| 852 ## - LOCALIZACIÓN | |
| Ubicación | ES-MaACL |
| Número de control de estantería | F-11258 |
| Nota libre | -- Enc. ed. en tela |
| Encuadernación | -- Edic.: añadir en T260 (Corbeil : imprimerie Crété) |
| Estatus retirado | Estado de pérdida | Estado de daño | No para préstamo | Colección | Biblioteca de origen | Biblioteca actual | Ubicación en estantería | Fecha de adquisición | Fuente de adquisición | Total de préstamos | Signatura topográfica completa | Código de barras | Visto por última vez | Precio de reemplazo | Tipo de ítem Koha |
|---|---|---|---|---|---|---|---|---|---|---|---|---|---|---|---|
| Libros del s. XIX | Biblioteca del Ateneo de Madrid | Biblioteca del Ateneo de Madrid | Sala Pecera Planta 2 | 17/01/2008 | F-11258 | 1161338 | 23/02/2023 | 23/02/2023 | Libro impreso antiguo |
